Statistics for Harry Potter Books 1-7

Click here to take the quiz!

General Stats

  • This quiz has been taken 58 times
  • The average score is 7 of 7

Answer Stats

HintAnswer% Correct
The Sixth OneHarry Potter and the Half-Blood Prince
100%
The Third OneHarry Potter and the Prisoner of Azkaban
100%
The Second OneHarry Potter and the Chamber of Secrets
98%
The Seventh OneHarry Potter and the Deathly Hallows
98%
The Fourth OneHarry Potter and the Goblet of Fire
98%
The First OneHarry Potter and the Philosophers Stone
96%
The Fifth OneHarry Potter and the Order of the Phoenix
94%

Score Distribution

Percentile by Number Answered

Percent of People with Each Score

Your Score History

You have not taken this quiz